00422nam a2200133 a 4500008004100000020001500041050002100056100001900077245007500096246004900171260002700220350000900247650003200256120416s1995 ||||||||||||||||| || u a3540589317 aS 494.5.B563 Bio aBajaj, Y. P. S10aBiotechnology in agriculture and forestry 34cedited by Y. P. S. Bajaj aplant pratoplasts and generic engineering VI aBerlinbSpringerc1995 a0.00 aBIOTECHNOLOGY--AGRICULTURE